000 00324pam a2200133 a 4500
020 _c
041 _aeng
082 _a616.01
_bGIL
100 _aGilligan P M .
245 _aCases in Medical Microbiology and Infoctious Diseases
_hTextual Documents
260 _a[s.l]:
_bASM Press
300 _a589p.
930 _a1070
999 _c77995
_d77995